Good Omens Episodes - Statistics

General Stats
  • This quiz has been taken 21 times
  • The average score is 5 of 12
Answer Stats
Hint Answer % Correct
S02E06 Every Day
71%
S01E02 The Book
57%
S01E01 In the Beginning
50%
S01E03 Hard Times
43%
S02E05 The Ball
43%
S02E02 The Clue
43%
S02E04 The Hitchhiker
36%
S01E06 The Very Last Day of the Rest of Their Lives
36%
S02E03 I Know Where I'm Going
29%
S01E04 Saturday Morning Funtime
29%
S02E01 The Arrival
29%
S01E05 The Doomsday Option
21%
No matching quizzes found
Score Distribution
Percent of People with Each Score
Percentile by Number Answered
Your Score History
You have not taken this quiz